000 00535nam a22001932 4500
001 0000002655
005 20170406114408.0
008 140325s xx 000 0 eng d
020 _a9780256083552 :
_c$
040 _aYour Holding Symbol
_cYour Holding Symbol
100 1 _aBlock,Stanley B.
245 1 0 _aFoundations of financial management.
250 _a6th ed.
260 _aBoston :
_bIrwin,
_c1992.
300 _a700 p. ;
_c cm.
504 _aindex.
650 0 _acorporations finance.
908 _a140325
999 _c2541
_d2541